00585nam a2200193Ii 450000100060000000300090000600800410001502000180005604000330007404100080010708200220011510000280013724500670016526400660023230000120029833600260031033700280033633800270036420587CO-ViMGA241108s9999||||xx |||||||||||||| ||und|| a9789585840751 aCO-ViMGAbspaerdacCO-ViMGA0 aspa04a351.0986198 P27fi1 aLeonel Pérez Bareño10aLa firma del alcalde :bcambio e instituciones en Tame, Arauca 1aBogotá, Colombia : Corporación Cultural Entreletras, 2014 avolumen atextbtxt2rdacontent aunmediatedbn2rdamedia avolumebnc2rdacarrier